000 02186 a2200277 4500
999 _c11155
_d11155
020 _a9781405139113
050 _aRD37
_bELL 2006
100 _aEllis, Harold
_d1926 -
_eauthor
245 _aLecture notes on general surgery /
_cHarold Ellis, Sir Roy Y. Calne, Christopher J.E. Watson
250 _aEleventh edition
264 _aOxford, U.K. ; Malden, Mass. :
_bBlackwell Science,
_cc2006
300 _avii, 423 pages :
_billustrations
336 _2rdacontent
_atext
_btxt
337 _2rdamedia
_aunmediated
_bn
338 _2rdacarrier
_avolume
_bnc
440 _aLecture notes series
500 _aIncludes index
505 _aIntroduction Acknowledgements 1 Surgical Strategy 1 2 Fluid and Electrolyte Management 4 3 Shock 10 4 Postoperative Complications 15 5 Acute Infections 24 6 Tumours 29 7 Burns 34 8 The Skin and its Adnexae 40 9 The Chest and Lungs 53 10 The Heart and Thoracic Aorta 62 11 Arterial Disease 73 12 Venous Disorders of the Lower Limb 92 13 The Brain and Meninges 99 14 Head Injury 107 15 The Spine 120 16 Peripheral Nerve Injuries 131 17 The Oral Cavity 137 18 The Salivary Glands 147 19 The Oesophagus 152 20 The Stomach and Duodenum 161 21 Mechanical Intestinal Obstruction 176 22 The Small Intestine 187 23 Acute Appendicitis 192 24 The Colon 197 25 The Rectum and Anal Canal 211 26 Peritonitis 222 27 Paralytic Ileus 228 28 Hernia 231 29 The Liver 242 30 The Gallbladder and Bile Ducts 257 31 The Pancreas 266 32 The Spleen 275 33 The Lymph Nodes and Lymphatics 278 34 The Breast 281 35 The Neck 295 36 The Thyroid 299 37 The Parathyroids 310 38 The Thymus 313 39 The Suprarenal Gland 314 40 The Kidney and Ureter 319 41 The Bladder 337 42 The Prostate 342 43 The Male Urethra 351 44 The Penis 354 45 The Testis and Scrotum 358 46 Transplantation Surgery 368 Index 375
520 _a.
650 _aSurgery
_xHandbooks, manuals, etc
650 _aGeneral Surgery
_x methods
650 _aSurgical Procedures, Operative
700 _aCalne, Roy Yorke
_eauthor
700 _aWatson, Christopher J. E. (Christopher John Edward)
_eauthor
942 _2lcc
_cBK
_eEleventh edition
_h37
_iELL
_kRD